Mediterranean Country Flags - Tile Select - Statistics

General Stats
  • This quiz has been taken 252 times
  • The average score is 16 of 20
Answer Stats
Question Tile Select % Correct
the Mediterranean country flags No
97%
the Mediterranean country flags No
96%
the Mediterranean country flags No
95%
the Mediterranean country flags No
95%
the Mediterranean country flags Yes
93%
the Mediterranean country flags Yes
87%
the Mediterranean country flags Yes
86%
the Mediterranean country flags Yes
86%
the Mediterranean country flags Yes
85%
the Mediterranean country flags No
85%
the Mediterranean country flags No
82%
the Mediterranean country flags Yes
82%
the Mediterranean country flags Yes
77%
the Mediterranean country flags No
76%
the Mediterranean country flags Yes
75%
the Mediterranean country flags No
73%
the Mediterranean country flags Yes
73%
the Mediterranean country flags Yes
71%
the Mediterranean country flags Yes
68%
the Mediterranean country flags Yes
65%
No matching quizzes found
Score Distribution
Percent of People with Each Score
Percentile by Number Answered
Your Score History
You have not taken this quiz